[Event "19MCR_F"]
[Site "?"]
[Date "2007.??.??"]
[Round "?"]
[White "Hladecek, Miloslav"]
[Black "Kuta, Jiri"]
[Result "1/2-1/2"]
[WhiteElo "2342"]
[BlackElo "2330"]
[PlyCount "65"]
[EventDate "2007.??.??"]
[EventType "corr"]
[EventRounds "1"]
[SourceDate "2007.03.26"]

1. e4 c5 2. Nf3 Nc6 3. d4 cxd4 4. Nxd4 Nf6 5. Nc3 e5 6. Ndb5 d6 7. Nd5 Nxd5 8.
exd5 Nb8 9. Bd3 Be7 10. Qh5 a6 11. Nc3 Nd7 12. O-O Nc5 13. f4 Nxd3 14. cxd3
exf4 15. Bxf4 O-O 16. Rae1 f5 17. Re3 Rf7 18. Qe2 Bd7 19. Kh1 b5 20. a3 Qf8 21.
Qd2 Rc8 22. Rg3 Qd8 23. h3 a5 24. Kh2 g6 25. Ne2 Bh4 26. Rgf3 Bf6 27. b4 a4 28.
Rg3 Qf8 29. Bg5 Be5 30. Bf4 Bg7 31. Rc1 Rxc1 32. Qxc1 Qe8 33. Re3 1/2-1/2

[Event "19MCR_F"]
[Site "?"]
[Date "2007.??.??"]
[Round "?"]
[White "Hladecek, Miloslav"]
[Black "Mateka, Petr"]
[Result "1/2-1/2"]
[WhiteElo "2342"]
[BlackElo "2275"]
[PlyCount "101"]
[EventDate "2007.??.??"]
[EventType "corr"]
[EventRounds "1"]
[SourceDate "2007.03.26"]

1. e4 e5 2. Nf3 Nc6 3. Bb5 a6 4. Ba4 Nf6 5. O-O Be7 6. Re1 b5 7. Bb3 O-O 8. d4
d6 9. c3 Bg4 10. Be3 exd4 11. cxd4 Na5 12. Bc2 c5 13. Nc3 Nc4 14. Qe2 Nxb2 15.
Bb3 c4 16. Qxb2 cxb3 17. Qxb3 Rc8 18. Rac1 Qa5 19. Nd5 Nxd5 20. Qxd5 Be6 21.
Qb7 Bf6 22. d5 Bg4 23. Rxc8 Bxc8 24. Qb6 Qxb6 25. Bxb6 Bb2 26. Re2 Ba3 27. Rc2
Bd7 28. Nd4 Rc8 29. Rxc8+ Bxc8 30. Kf1 Kf8 31. Nc6 Bc5 32. Ba5 f5 33. f3 Ke8
34. Ke2 g6 35. Kd3 fxe4+ 36. fxe4 Kd7 37. Bd2 Kc7 38. Ba5+ Kd7 39. h3 Bf2 40.
Nb8+ Ke7 41. Kc2 Bh4 42. Kb3 Bf2 43. a4 bxa4+ 44. Kxa4 Bb7 45. Bd2 Bb6 46. Bg5+
Ke8 47. Kb4 Bc7 48. Nc6 Bc8 49. Be7 Bd7 50. Bg5 Bc8 51. Be7 1/2-1/2

[Event "19MCR_F"]
[Site "?"]
[Date "2007.??.??"]
[Round "?"]
[White "Hladecek, Miloslav"]
[Black "Pytlik, Lesek"]
[Result "1-0"]
[WhiteElo "2342"]
[BlackElo "2382"]
[PlyCount "51"]
[EventDate "2007.??.??"]
[EventType "corr"]
[EventRounds "1"]
[SourceDate "2007.03.26"]

1. e4 e6 2. d4 d5 3. Nc3 Bb4 4. e5 c5 5. a3 Ba5 6. Bd2 Nc6 7. Nb5 Nxd4 8. Nxd4
cxd4 9. Bb5+ Bd7 10. Bxd7+ Kxd7 11. Nf3 Bb6 12. O-O Ne7 13. a4 a6 14. Ng5 Qe8
15. c4 dxc3 16. bxc3 h6 17. Ne4 Bc7 18. Nd6 Bxd6 19. exd6 Nf5 20. c4 dxc4 21.
Ba5 Rc8 22. Qb1 Nxd6 23. Rd1 Ke7 24. Rxd6 Kxd6 25. Qxb7 e5 26. f4 1-0

[Event "19MCR_F"]
[Site "?"]
[Date "2007.??.??"]
[Round "?"]
[White "Hladecek, Miloslav"]
[Black "Sykora, Josef"]
[Result "1/2-1/2"]
[WhiteElo "2342"]
[BlackElo "2365"]
[PlyCount "129"]
[EventDate "2007.??.??"]
[EventType "corr"]
[EventRounds "1"]
[SourceDate "2007.03.26"]

1. e4 c5 2. Nf3 d6 3. d4 cxd4 4. Nxd4 Nf6 5. Nc3 a6 6. Be2 e5 7. Nb3 Be7 8. O-O
O-O 9. Qd3 Nbd7 10. Qg3 b5 11. Bh6 Ne8 12. Be3 Bh4 13. Qg4 Rb8 14. Qh5 Be7 15.
Nd5 Nef6 16. Nxe7+ Qxe7 17. Qh4 Nb6 18. Rad1 Nc4 19. Bc1 Bb7 20. Bd3 Qe6 21.
Rfe1 Rfc8 22. a3 Rc7 23. Nd2 Nb6 24. Nf1 Nbd7 25. Ng3 Nc5 26. f3 Nxd3 27. cxd3
g6 28. Bd2 Rc2 29. d4 Ne8 30. Bc3 a5 31. Nf1 b4 32. axb4 axb4 33. Bxb4 Rxb2 34.
Bc3 Ra2 35. Ne3 Rc8 36. Ba1 f6 37. Rb1 Rc7 38. Qh6 Qf7 39. Kh1 Ng7 40. Red1 Ne8
41. Qh4 Re2 42. Ng4 Qe7 43. Re1 Ra2 44. h3 h5 45. Ne3 Qf7 46. Rb4 g5 47. Qg3 h4
48. Qh2 Ng7 49. Reb1 Bc8 50. Qg1 Nh5 51. Bb2 Kg7 52. Qd1 Kg6 53. d5 Ng3+ 54.
Kh2 Rc5 55. Ra4 Rxa4 56. Qxa4 Qd7 57. Qxd7 Bxd7 58. Ra1 Nh5 59. Ra7 Bc8 60. Ra4
Rb5 61. Nc4 Rb3 62. Ra1 Rb4 63. Nxd6 Rxb2 64. Nxc8 Nf4 65. Rg1 1/2-1/2

[Event "19MCR_F"]
[Site "?"]
[Date "2007.??.??"]
[Round "?"]
[White "Hladecek, Miloslav"]
[Black "Valak, Alois"]
[Result "1/2-1/2"]
[WhiteElo "2342"]
[BlackElo "2353"]
[PlyCount "94"]
[EventDate "2007.??.??"]
[EventType "corr"]
[EventRounds "1"]
[SourceDate "2007.03.26"]

1. e4 c5 2. Nf3 d6 3. d4 cxd4 4. Nxd4 Nf6 5. Nc3 a6 6. Be2 e6 7. O-O Be7 8. f4
O-O 9. Qe1 e5 10. Nb3 Nbd7 11. a4 b6 12. Be3 Bb7 13. Bd3 Re8 14. Rd1 Qc7 15.
Qg3 Nh5 16. Qh3 Nxf4 17. Bxf4 exf4 18. Nd5 Bxd5 19. exd5 g6 20. Rxf4 Ne5 21.
Rff1 Bf8 22. Qg3 Nc4 23. Bxc4 Qxc4 24. Qf2 f5 25. Qxb6 Qxc2 26. Nd4 Qxa4 27. b3
Qd7 28. Rfe1 Bg7 29. Rxe8+ Qxe8 30. Ne6 Be5 31. Nc7 Rb8 32. Qxa6 Qf8 33. h3 Qh6
34. Qa7 Rxb3 35. Re1 Qg7 36. Kh1 Rc3 37. Qa8+ Qf8 38. Qb7 Qd8 39. Ne6 Qc8 40.
Qb1 h5 41. Ng5 Qd8 42. Ne6 Qa8 43. Rxe5 dxe5 44. Qb5 Ra3 45. Qb6 Qc8 46. Qd6
Ra1+ 47. Kh2 Ra7 1/2-1/2

[Event "19MCR_F"]
[Site "?"]
[Date "2007.??.??"]
[Round "?"]
[White "Hladecek, Miloslav"]
[Black "Volek, Stanislav"]
[Result "1/2-1/2"]
[WhiteElo "2342"]
[BlackElo "2305"]
[PlyCount "83"]
[EventDate "2007.??.??"]
[EventType "corr"]
[EventRounds "1"]
[SourceDate "2007.03.26"]

1. e4 e6 2. d4 d5 3. Nc3 Bb4 4. e5 c5 5. a3 Bxc3+ 6. bxc3 Ne7 7. Qg4 cxd4 8.
Qxg7 Rg8 9. Qxh7 Qc7 10. Ne2 Nbc6 11. f4 Bd7 12. Qd3 dxc3 13. Qxc3 Nf5 14. h4
O-O-O 15. h5 Kb8 16. Rb1 d4 17. Qc4 Bc8 18. h6 Rg6 19. h7 Rh8 20. c3 dxc3 21.
Nxc3 Rg7 22. g4 Ng3 23. Rh3 Nxf1 24. Qd3 Ng3 25. Nb5 Qd7 26. Qxd7 Bxd7 27. Rxg3
Rhxh7 28. Rd3 Bc8 29. g5 b6 30. Kd1 Rh1+ 31. Kc2 Rgh7 32. Bd2 R1h2 33. a4 Rf2
34. Rb2 Rhh2 35. Kb1 Ba6 36. Bc1 Rxb2+ 37. Bxb2 Kc8 38. Rc3 Kd7 39. Bc1 Bxb5
40. axb5 Nb4 41. Ra3 Nd5 42. Rxa7+ 1/2-1/2

[Event "19MCR_F"]
[Site "?"]
[Date "2007.??.??"]
[Round "?"]
[White "Hladecek, Miloslav"]
[Black "Vozda, Jindrich"]
[Result "1/2-1/2"]
[WhiteElo "2342"]
[BlackElo "2469"]
[PlyCount "106"]
[EventDate "2007.??.??"]
[EventType "corr"]
[EventRounds "1"]
[SourceDate "2007.03.26"]

1. e4 e5 2. Nf3 Nc6 3. Bb5 a6 4. Ba4 Nf6 5. O-O b5 6. Bb3 Bc5 7. Nxe5 Nxe5 8.
d4 Bxd4 9. Qxd4 d6 10. f4 c5 11. Qd1 Nc6 12. c3 O-O 13. Qf3 Bb7 14. Bc2 Re8 15.
Nd2 Ne7 16. g4 Ng6 17. g5 Nd7 18. Qg3 c4 19. h4 Nc5 20. h5 Nf8 21. h6 Nxe4 22.
Bxe4 Bxe4 23. hxg7 Kxg7 24. Nxe4 Rxe4 25. Be3 Kg8 26. f5 Qe7 27. Bd4 Re8 28. a4
b4 29. Rf3 bxc3 30. bxc3 Nd7 31. Qh3 Re1+ 32. Rxe1 Qxe1+ 33. Rf1 Qe2 34. Qf3
Qxf3 35. Rxf3 Re4 36. Rg3 Ne5 37. Bxe5 dxe5 38. f6 Rf4 39. Kh2 Kh8 40. Rh3 e4
41. Re3 Rg4 42. Kh3 Rxg5 43. Rxe4 h6 44. Re7 Kg8 45. Ra7 Re5 46. Rxa6 Re3+ 47.
Kg4 Kh7 48. Rc6 Rxc3 49. Kf5 Rg3 50. Rxc4 Rg5+ 51. Ke4 h5 52. Kf3 Kg6 53. Rb4
Ra5 1/2-1/2

[Event "19MCR_F"]
[Site "?"]
[Date "2007.??.??"]
[Round "?"]
[White "Hybl, Vladislav"]
[Black "Brousek, Jiri"]
[Result "1/2-1/2"]
[WhiteElo "2303"]
[BlackElo "2300"]
[PlyCount "111"]
[EventDate "2007.??.??"]
[EventType "corr"]
[EventRounds "1"]
[SourceDate "2007.03.26"]

1. e4 e6 2. d4 d5 3. Nd2 Nf6 4. e5 Nfd7 5. Bd3 c5 6. c3 Nc6 7. Ne2 cxd4 8. cxd4
Qb6 9. Nf3 f6 10. exf6 Nxf6 11. O-O Bd6 12. Nc3 O-O 13. Be3 Bd7 14. a3 Kh8 15.
Rc1 Qd8 16. h3 e5 17. Nb5 exd4 18. Nfxd4 Bb8 19. Nf3 a6 20. Nbd4 Nxd4 21. Nxd4
Bd6 22. Qb3 b5 23. Nf5 Be5 24. Bc5 Re8 25. Nd6 Bxd6 26. Bxd6 Bf5 27. Bc5 Bxd3
28. Qxd3 Rc8 29. Bd4 Ne4 30. a4 bxa4 31. Qxa6 Ra8 32. Qc6 Qd6 33. Qxd6 Nxd6 34.
Rc5 Nf5 35. Rxd5 Nxd4 36. Rxd4 h6 37. Ra1 Reb8 38. Ra2 Kh7 39. h4 h5 40. g3 Rb3
41. Kf1 a3 42. Rxa3 Rbxa3 43. bxa3 Rxa3 44. Rd5 Kg6 45. Ke2 Rb3 46. Re5 Rc3 47.
Rg5+ Kh6 48. Rd5 Kg6 49. f3 Ra3 50. g4 hxg4 51. fxg4 Ra6 52. Kf3 Kh6 53. Rh5+
Kg6 54. Re5 Kh6 55. Re4 g6 56. Re8 1/2-1/2

[Event "19MCR_F"]
[Site "?"]
[Date "2007.??.??"]
[Round "?"]
[White "Hybl, Vladislav"]
[Black "Hladecek, Miloslav"]
[Result "1/2-1/2"]
[WhiteElo "2303"]
[BlackElo "2342"]
[PlyCount "41"]
[EventDate "2007.??.??"]
[EventType "corr"]
[EventRounds "1"]
[SourceDate "2007.03.26"]

1. e4 e5 2. Nf3 Nc6 3. Bb5 a6 4. Ba4 Nf6 5. O-O Be7 6. Re1 d6 7. c3 O-O 8. d4
Bd7 9. d5 Nb8 10. Bxd7 Nbxd7 11. c4 c6 12. Nc3 cxd5 13. Nxd5 b5 14. cxb5 axb5
15. a3 Nxd5 16. Qxd5 b4 17. Bd2 Nf6 18. Qb3 bxa3 19. bxa3 d5 20. exd5 Qxd5 21.
Qxd5 1/2-1/2

[Event "19MCR_F"]
[Site "?"]
[Date "2007.??.??"]
[Round "?"]
[White "Hybl, Vladislav"]
[Black "Leiner, Raimund"]
[Result "1/2-1/2"]
[WhiteElo "2303"]
[BlackElo "2316"]
[PlyCount "50"]
[EventDate "2007.??.??"]
[EventType "corr"]
[EventRounds "1"]
[SourceDate "2007.03.26"]

1. e4 c5 2. Nf3 d6 3. d4 cxd4 4. Nxd4 Nf6 5. Nc3 a6 6. Be3 e6 7. Be2 Qc7 8. a4
b6 9. f4 Bb7 10. Bf3 Nbd7 11. Qe2 Be7 12. O-O O-O 13. f5 e5 14. Nb3 Rac8 15.
Rad1 d5 16. exd5 Bb4 17. d6 Bxf3 18. Rxf3 Bxd6 19. Qxa6 e4 20. Rh3 Ng4 21. Qe2
Bxh2+ 22. Kh1 Ndf6 23. Nxe4 Nxe4 24. Qxg4 Rfe8 25. Qh4 h5 1/2-1/2

[Event "19MCR_F"]
[Site "?"]
[Date "2007.??.??"]
[Round "?"]
[White "Hybl, Vladislav"]
[Black "Mateka, Petr"]
[Result "1/2-1/2"]
[WhiteElo "2303"]
[BlackElo "2275"]
[PlyCount "31"]
[EventDate "2007.??.??"]
[EventType "corr"]
[EventRounds "1"]
[SourceDate "2007.03.26"]

1. d4 Nf6 2. c4 e6 3. Nc3 Bb4 4. e3 O-O 5. Bd3 c5 6. Nf3 d5 7. O-O Nc6 8. a3
Bxc3 9. bxc3 Qc7 10. cxd5 exd5 11. a4 c4 12. Bc2 Re8 13. Nd2 Ng4 14. Nf3 Nf6
15. Nd2 Ng4 16. Nf3 1/2-1/2

[Event "19MCR_F"]
[Site "?"]
[Date "2007.??.??"]
[Round "?"]
[White "Hybl, Vladislav"]
[Black "Pytlik, Lesek"]
[Result "1/2-1/2"]
[WhiteElo "2303"]
[BlackElo "2382"]
[PlyCount "79"]
[EventDate "2007.??.??"]
[EventType "corr"]
[EventRounds "1"]
[SourceDate "2007.03.26"]

1. e4 e6 2. d4 d5 3. Nd2 Nc6 4. Ngf3 Nf6 5. e5 Nd7 6. Nb3 Be7 7. Bb5 O-O 8. O-O
a5 9. a4 Ncb8 10. Bf4 b6 11. c3 Ba6 12. Re1 Bxb5 13. axb5 c6 14. Qd3 Re8 15.
bxc6 Nxc6 16. Nc1 Nf8 17. Ne2 Ng6 18. b3 Qc8 19. Bg5 Qa6 20. Qc2 Bxg5 21. Nxg5
h6 22. Nf3 b5 23. Rec1 Rec8 24. Qd3 Qb6 25. Nd2 Rcb8 26. Ra2 a4 27. Rca1 Ra5
28. bxa4 Qa7 29. Qc2 Ra8 30. Nc1 Rxa4 31. Qb2 Qb8 32. Ndb3 Nge7 33. Nc5 Rxa2
34. Rxa2 Rxa2 35. Nxa2 Qa7 36. f4 Nf5 37. Kf2 h5 38. Nb4 Nxb4 39. cxb4 g6 40.
g3 1/2-1/2

[Event "19MCR_F"]
[Site "?"]
[Date "2007.??.??"]
[Round "?"]
[White "Hybl, Vladislav"]
[Black "Sykora, Josef"]
[Result "1/2-1/2"]
[WhiteElo "2303"]
[BlackElo "2365"]
[PlyCount "80"]
[EventDate "2007.??.??"]
[EventType "corr"]
[EventRounds "1"]
[SourceDate "2007.03.26"]

1. e4 c5 2. Nf3 d6 3. d4 cxd4 4. Nxd4 Nf6 5. Nc3 a6 6. Be3 e6 7. g4 h6 8. Bg2
Nc6 9. h3 g5 10. Nxc6 bxc6 11. e5 Nd5 12. Bd4 dxe5 13. Bxe5 f6 14. Nxd5 cxd5
15. Bc3 Bg7 16. h4 O-O 17. Qd3 f5 18. gxf5 Rxf5 19. Bh3 Bxc3+ 20. Qxc3 Rf4 21.
O-O-O Qf6 22. Qxf6 Rxf6 23. hxg5 hxg5 24. Rdg1 Rxf2 25. Rxg5+ Kf7 26. Rhg1 Rh2
27. Rg7+ Kf6 28. R7g6+ Kf7 29. Rh6 Ke7 30. Rg8 a5 31. b3 a4 32. bxa4 Rh1+ 33.
Kb2 Rb8+ 34. Kc3 Ra8 35. Kb4 Rh2 36. Rh7+ Kd6 37. Rd8+ Kc6 38. Bf5 Rb8+ 39. Kc3
Rxh7 40. Bxh7 Kc7 1/2-1/2

[Event "19MCR_F"]
[Site "?"]
[Date "2007.??.??"]
[Round "?"]
[White "Hybl, Vladislav"]
[Black "Valak, Alois"]
[Result "1/2-1/2"]
[WhiteElo "2303"]
[BlackElo "2353"]
[PlyCount "111"]
[EventDate "2007.??.??"]
[EventType "corr"]
[EventRounds "1"]
[SourceDate "2007.03.26"]

1. e4 c5 2. Nf3 d6 3. d4 cxd4 4. Nxd4 Nf6 5. Nc3 a6 6. Be3 e6 7. g4 h6 8. Bg2
Nc6 9. h3 Be7 10. f4 Nd7 11. Qd2 Na5 12. b3 Bh4+ 13. Bf2 Bxf2+ 14. Qxf2 b5 15.
e5 Bb7 16. exd6 Rc8 17. Ne4 Bxe4 18. Bxe4 Nf6 19. Bg2 Qxd6 20. O-O O-O 21. g5
hxg5 22. fxg5 Nh5 23. Rad1 Qc5 24. h4 g6 25. Rd2 Qc7 26. Rd3 b4 27. Be4 Qe5 28.
Re1 Qb8 29. Rf3 e5 30. Ne2 Nb7 31. c4 bxc3 32. Nxc3 Nd6 33. Bb1 Rfe8 34. Ne4
Nxe4 35. Bxe4 Nf4 36. Bd3 Rc3 37. Bc4 Rxf3 38. Qxf3 Qc8 39. h5 Kg7 40. hxg6
fxg6 41. Kf2 Rf8 42. Qe4 Rf5 43. Rh1 Rxg5 44. Ke1 a5 45. Kd1 Kf6 46. Rf1 Qf5
47. Qc6+ Kg7 48. Qb7+ Kh6 49. Kc1 Rg2 50. Qxg2 Nxg2 51. Rxf5 gxf5 52. a4 f4 53.
Kd2 e4 54. b4 axb4 55. a5 f3 56. a6 1/2-1/2

[Event "19MCR_F"]
[Site "?"]
[Date "2007.??.??"]
[Round "?"]
[White "Hybl, Vladislav"]
[Black "Vozda, Jindrich"]
[Result "1/2-1/2"]
[WhiteElo "2303"]
[BlackElo "2469"]
[PlyCount "67"]
[EventDate "2007.??.??"]
[EventType "corr"]
[EventRounds "1"]
[SourceDate "2007.03.26"]

1. d4 Nf6 2. c4 e6 3. Nc3 Bb4 4. e3 Bxc3+ 5. bxc3 d6 6. Bd3 c5 7. Ne2 e5 8. f3
Nc6 9. O-O b6 10. e4 Nh5 11. f4 Na5 12. fxe5 dxe5 13. Qe1 O-O 14. Be3 Qe7 15.
Ng3 cxd4 16. cxd4 exd4 17. Nxh5 dxe3 18. Qg3 f6 19. e5 f5 20. Nf6+ Kh8 21. Nd5
Qc5 22. Qxe3 Qxe3+ 23. Nxe3 g6 24. Nd5 Rf7 25. g4 Be6 26. Rae1 Rd8 27. a4 Nc6
28. Re3 fxg4 29. Rxf7 Bxf7 30. e6 Bg8 31. a5 Re8 32. axb6 axb6 33. c5 bxc5 34.
Bb5 1/2-1/2

[Event "19MCR_F"]
[Site "?"]
[Date "2007.??.??"]
[Round "?"]
[White "Kuta, Jiri"]
[Black "Boukal, Petr"]
[Result "1/2-1/2"]
[WhiteElo "2330"]
[BlackElo "2412"]
[PlyCount "57"]
[EventDate "2007.??.??"]
[EventType "corr"]
[EventRounds "1"]
[SourceDate "2007.03.26"]

1. d4 Nf6 2. c4 g6 3. Nc3 Bg7 4. e4 d6 5. Be2 O-O 6. Nf3 Na6 7. O-O c6 8. h3 e5
9. dxe5 dxe5 10. Qxd8 Rxd8 11. Be3 Re8 12. Rfd1 Bf8 13. Bd3 Kg7 14. Bc2 Bc5 15.
Bxc5 Nxc5 16. b4 Ncd7 17. Rd6 Nb6 18. Bb3 a5 19. b5 a4 20. bxc6 bxc6 21. Bc2
Ra5 22. Nd2 Re6 23. Rd8 Ba6 24. f3 Re8 25. Rxe8 Nxe8 26. Rb1 Nxc4 27. Nxc4 Bxc4
28. Bxa4 Bxa2 29. Rb6 1/2-1/2

[Event "19MCR_F"]
[Site "?"]
[Date "2007.??.??"]
[Round "?"]
[White "Kuta, Jiri"]
[Black "Firla, Stanislav"]
[Result "1/2-1/2"]
[WhiteElo "2330"]
[BlackElo "2365"]
[PlyCount "105"]
[EventDate "2007.??.??"]
[EventType "corr"]
[EventRounds "1"]
[SourceDate "2007.03.26"]

1. d4 Nf6 2. c4 g6 3. Nc3 Bg7 4. e4 d6 5. f3 O-O 6. Be3 a6 7. Qd2 Nbd7 8. Bd3
c6 9. a4 e5 10. d5 cxd5 11. cxd5 Nc5 12. Bc2 Qb6 13. Nge2 a5 14. Nc1 Nh5 15.
Nd3 Nf4 16. Nxc5 dxc5 17. Ra3 Bd7 18. Rb3 Qa7 19. O-O Rac8 20. g3 Nh5 21. Bd3
b6 22. Bb5 Rb8 23. Bc6 Qc7 24. Nb5 Qd8 25. Rd1 f5 26. exf5 gxf5 27. Bg5 Bf6 28.
Bxf6 Nxf6 29. Nd6 Qc7 30. Bxd7 Qxd7 31. Qg5+ Kh8 32. Nxf5 Nxd5 33. g4 Rg8 34.
Rxd5 Qf7 35. Rd7 Qxd7 36. Qf6+ Rg7 37. Nxg7 Qxg7 38. Qd6 Re8 39. Rxb6 Qf8 40.
Qf6+ Qxf6 41. Rxf6 e4 42. Ra6 exf3 43. Rxa5 Re4 44. h3 Rb4 45. Kf2 Rxb2+ 46.
Kxf3 Rb4 47. Ra7 Rb3+ 48. Ke4 Rxh3 49. a5 c4 50. a6 Ra3 51. g5 Kg8 52. Kd4 c3
53. Kd3 1/2-1/2

[Event "19MCR_F"]
[Site "?"]
[Date "2007.??.??"]
[Round "?"]
[White "Kuta, Jiri"]
[Black "Hybl, Vladislav"]
[Result "1/2-1/2"]
[WhiteElo "2330"]
[BlackElo "2303"]
[PlyCount "52"]
[EventDate "2007.??.??"]
[EventType "corr"]
[EventRounds "1"]
[SourceDate "2007.03.26"]

1. d4 d5 2. c4 c6 3. Nf3 Nf6 4. Nc3 e6 5. Bg5 h6 6. Bh4 dxc4 7. e4 g5 8. Bg3 b5
9. Be2 Bb7 10. h4 g4 11. Ne5 h5 12. O-O Nbd7 13. a3 Nxe5 14. Bxe5 Rg8 15. Rb1
Nd7 16. Bg3 Be7 17. b3 cxb3 18. d5 Nc5 19. d6 Bxh4 20. Nxb5 cxb5 21. Bxb5+ Kf8
22. Qc1 Rg6 23. Qxc5 Bxg3 24. fxg3 Rg5 25. Qc1 Rg7 26. Qc5 Rg5 1/2-1/2

[Event "19MCR_F"]
[Site "?"]
[Date "2007.??.??"]
[Round "?"]
[White "Kuta, Jiri"]
[Black "Laurenc, Petr"]
[Result "1-0"]
[WhiteElo "2330"]
[BlackElo "2484"]
[PlyCount "51"]
[EventDate "2007.??.??"]
[EventType "corr"]
[EventRounds "1"]
[SourceDate "2007.03.26"]

1. d4 d5 2. c4 c6 3. Nf3 Nf6 4. Nc3 e6 5. Bg5 h6 6. Bh4 dxc4 7. e4 g5 8. Bg3 b5
9. Be2 Bb7 10. h4 b4 11. hxg5 bxc3 12. bxc3 Nxe4 13. Be5 Nxc3 14. Qc2 Nxe2 15.
Kxe2 c5 16. Bxh8 hxg5 17. dxc5 Nd7 18. Rad1 Qc7 19. Rh7 Bxf3+ 20. gxf3 Rc8 21.
Bb2 c3 22. Qxc3 Qxc5 23. Qxc5 Rxc5 24. Rh8 Rc1 25. Bxc1 f6 26. Rxd7 1-0

[Event "19MCR_F"]
[Site "?"]
[Date "2007.??.??"]
[Round "?"]
[White "Kuta, Jiri"]
[Black "Leiner, Raimund"]
[Result "1/2-1/2"]
[WhiteElo "2330"]
[BlackElo "2316"]
[PlyCount "92"]
[EventDate "2007.??.??"]
[EventType "corr"]
[EventRounds "1"]
[SourceDate "2007.03.26"]

1. d4 Nf6 2. c4 g6 3. Nc3 Bg7 4. e4 d6 5. Be2 O-O 6. Nf3 e5 7. O-O Nc6 8. d5
Ne7 9. b4 Nh5 10. Re1 f5 11. g3 Nf6 12. Nd2 a5 13. b5 h6 14. Rb1 b6 15. Bb2 Qe8
16. Bf3 g5 17. exf5 g4 18. Bg2 Nxf5 19. Nce4 Qg6 20. Nxf6+ Rxf6 21. Be4 h5 22.
Bc3 h4 23. c5 bxc5 24. Nc4 Qh5 25. b6 cxb6 26. Rxb6 Rh6 27. Qd2 Bf8 28. Bxe5
dxe5 29. d6 Ra7 30. Bd5+ Kg7 31. Qb2 hxg3 32. fxg3 Kh7 33. Rb8 Bg7 34. Rxc8 e4
35. Bg8+ Kg6 36. Qg2 Bd4+ 37. Kh1 Kg7 38. Rc7+ Rxc7 39. dxc7 Rc6 40. Be6 Rxc7
41. Rf1 Nh6 42. Qxe4 Re7 43. Rf4 Qg6 44. Qxg6+ Kxg6 45. Bxg4 Re1+ 46. Kg2 Rc1
1/2-1/2

[Event "19MCR_F"]
[Site "?"]
[Date "2007.??.??"]
[Round "?"]
[White "Kuta, Jiri"]
[Black "Nejtek, Jiri"]
[Result "1/2-1/2"]
[WhiteElo "2330"]
[BlackElo "2360"]
[PlyCount "62"]
[EventDate "2007.??.??"]
[EventType "corr"]
[EventRounds "1"]
[SourceDate "2007.03.26"]

1. d4 d5 2. c4 c6 3. Nf3 e6 4. Nc3 dxc4 5. a4 Bb4 6. e3 b5 7. Bd2 a5 8. axb5
Bxc3 9. Bxc3 cxb5 10. b3 Bb7 11. d5 Nf6 12. bxc4 b4 13. Bxf6 Qxf6 14. Qa4+ Nd7
15. Nd4 e5 16. Nb3 Ke7 17. Qb5 Ba6 18. Qa4 Bb7 19. Be2 Rhc8 20. O-O Nc5 21.
Nxc5 Rxc5 22. f4 e4 23. Rad1 Kf8 24. Rd4 Re8 25. Bd1 Qd6 26. Qa2 f5 27. Ba4 Rb8
28. Bb5 Ba6 29. Bxa6 Qxa6 30. d6 Rd8 31. Rfd1 a4 1/2-1/2

[Event "19MCR_F"]
[Site "?"]
[Date "2007.??.??"]
[Round "?"]
[White "Kuta, Jiri"]
[Black "Pravec, Ladislav"]
[Result "1/2-1/2"]
[WhiteElo "2330"]
[BlackElo "2352"]
[PlyCount "77"]
[EventDate "2007.??.??"]
[EventType "corr"]
[EventRounds "1"]
[SourceDate "2007.03.26"]

1. d4 Nf6 2. c4 g6 3. Nc3 Bg7 4. e4 d6 5. f3 O-O 6. Be3 c5 7. Nge2 Nc6 8. Qd2
e6 9. Rd1 b6 10. d5 exd5 11. Nxd5 Nxd5 12. cxd5 Ne5 13. Nc3 Bf6 14. Be2 Bh4+
15. Bf2 Bxf2+ 16. Kxf2 f5 17. h4 b5 18. exf5 b4 19. Ne4 Bxf5 20. Ng5 Qf6 21. f4
Bg4 22. g3 Qf5 23. Rhe1 h6 24. Ne6 Rf7 25. Bxg4 Nxg4+ 26. Kg2 Nf6 27. Qe2 Re8
28. Qc4 Qg4 29. Rd3 g5 30. hxg5 hxg5 31. Rde3 Nh5 32. Qe2 Qxe2+ 33. R1xe2 gxf4
34. gxf4 Nxf4+ 35. Nxf4 Rxe3 36. Rxe3 Rxf4 37. Re6 Kf7 38. Rxd6 a5 39. Ra6
1/2-1/2

[Event "19MCR_F"]
[Site "?"]
[Date "2007.??.??"]
[Round "?"]
[White "Kuta, Jiri"]
[Black "Storkan, Zdenek"]
[Result "1/2-1/2"]
[WhiteElo "2330"]
[BlackElo "2298"]
[PlyCount "121"]
[EventDate "2007.??.??"]
[EventType "corr"]
[EventRounds "1"]
[SourceDate "2007.03.26"]

1. d4 Nf6 2. c4 c5 3. d5 e6 4. Nc3 exd5 5. cxd5 d6 6. e4 g6 7. h3 Bg7 8. Nf3
O-O 9. Bd3 Nbd7 10. O-O Nh5 11. Bg5 Bf6 12. Be3 Re8 13. Qd2 Ne5 14. Be2 a6 15.
a4 Nxf3+ 16. Bxf3 Rb8 17. a5 b5 18. axb6 Rxb6 19. Rfe1 Rb4 20. Qc2 Be5 21. Qc1
Nf6 22. Bd2 Nd7 23. Nd1 Rb8 24. Ba5 Qh4 25. Bd2 Qd8 26. Ra3 Bd4 27. Bc3 Bxc3
28. Nxc3 Rb4 29. b3 Nf6 30. Re3 Bb7 31. Qc2 Qe7 32. Be2 Nd7 33. Ra4 Qf6 34. Bf1
Rxa4 35. Nxa4 Qa1 36. Nc3 f5 37. Rd3 f4 38. Rd1 Qa5 39. Nb1 Ne5 40. f3 Bc8 41.
Nd2 Bd7 42. Nc4 Nxc4 43. bxc4 Qc7 44. Ra1 Bc8 45. Qa4 Kf7 46. Rb1 a5 47. Rb5
Bd7 48. Qxa5 Qxa5 49. Rxa5 Kf6 50. Ra7 Rd8 51. Kf2 g5 52. Ke2 h5 53. Kd2 Be8
54. Bd3 Bd7 55. Ra6 Be8 56. Bc2 Ke5 57. Kc3 Bf7 58. Ra7 Bg8 59. Ba4 Kf6 60. Bc6
Bf7 61. Kd3 1/2-1/2

[Event "19MCR_F"]
[Site "?"]
[Date "2007.??.??"]
[Round "?"]
[White "Laurenc, Petr"]
[Black "Hladecek, Miloslav"]
[Result "0-1"]
[WhiteElo "2484"]
[BlackElo "2342"]
[PlyCount "70"]
[EventDate "2007.??.??"]
[EventType "corr"]
[EventRounds "1"]
[SourceDate "2007.03.26"]

1. e4 e5 2. Nf3 Nc6 3. Bc4 Bc5 4. c3 Nf6 5. d3 d6 6. b4 Bb6 7. O-O O-O 8. a4 a6
9. a5 Ba7 10. Bg5 h6 11. Bh4 g5 12. Bg3 g4 13. Nh4 Nh5 14. Na3 Qg5 15. Kh1 Kg7
16. Qe2 Ne7 17. Rae1 Bd7 18. Nc2 Rae8 19. Ne3 Nxg3+ 20. hxg3 f5 21. exf5 Nxf5
22. Nhxf5+ Bxf5 23. Kh2 Bd7 24. Nd5 h5 25. Nxc7 h4 26. Nxe8+ Rxe8 27. d4 d5 28.
Qe3 Qh5 29. Kg1 dxc4 30. gxh4 Qxh4 31. g3 Qh5 32. Qe4 Bc6 33. d5 Bd7 34. Qh1
Qg6 35. Re4 Bf5 0-1

[Event "19MCR_F"]
[Site "?"]
[Date "2007.??.??"]
[Round "?"]
[White "Laurenc, Petr"]
[Black "Hybl, Vladislav"]
[Result "1/2-1/2"]
[WhiteElo "2484"]
[BlackElo "2303"]
[PlyCount "48"]
[EventDate "2007.??.??"]
[EventType "corr"]
[EventRounds "1"]
[SourceDate "2007.03.26"]

1. e4 e6 2. d4 d5 3. Nd2 c5 4. Ngf3 cxd4 5. exd5 Qxd5 6. Bc4 Qd6 7. O-O Nf6 8.
Nb3 Nc6 9. Nbxd4 Nxd4 10. Nxd4 a6 11. c3 Qc7 12. Qe2 Bd6 13. h3 O-O 14. Bg5 Ne4
15. Be3 b6 16. Bd3 Bb7 17. Rad1 Nc5 18. Bc2 Rfe8 19. Rfe1 Rad8 20. Bg5 Rc8 21.
Qh5 g6 22. Qh4 b5 23. Bf6 Nd7 24. Bg5 Nc5 1/2-1/2

[Event "19MCR_F"]
[Site "?"]
[Date "2007.??.??"]
[Round "?"]
[White "Laurenc, Petr"]
[Black "Leiner, Raimund"]
[Result "1/2-1/2"]
[WhiteElo "2484"]
[BlackElo "2316"]
[PlyCount "58"]
[EventDate "2007.??.??"]
[EventType "corr"]
[EventRounds "1"]
[SourceDate "2007.03.26"]

1. d4 Nf6 2. c4 e6 3. Nc3 d5 4. Nf3 c6 5. e3 Nbd7 6. Bd3 dxc4 7. Bxc4 b5 8. Bd3
Bd6 9. O-O O-O 10. Qc2 Bb7 11. a3 Rc8 12. b4 a5 13. Qb3 e5 14. Ne4 Nxe4 15.
Bxe4 g6 16. Rd1 exd4 17. exd4 Qc7 18. Bd2 Rfe8 19. Bd3 axb4 20. axb4 Nf6 21.
Rdc1 Qb8 22. g3 Nd5 23. Bf1 Rc7 24. Re1 Rce7 25. Rxe7 Rxe7 26. Rc1 Bc7 27. Bg5
Re4 28. Bg2 Qe8 29. Bd2 Bb6 1/2-1/2